[Event "GER-chT U10"]
[Site "Magdeburg"]
[Date "2016.12.28"]
[Round "4.3"]
[White "Herter, Arne"]
[Black "Wolf, Jonas"]
[Result "1-0"]
[WhiteElo "1114"]
[BlackElo "902"]
[PlyCount "97"]
[EventDate "2016.12.27"]
[EventType "team-swiss"]
[EventRounds "7"]
[EventCountry "GER"]
[SourceTitle "EXT 2018"]
[Source "ChessBase"]
[SourceDate "2017.10.13"]
[SourceVersion "1"]
[SourceVersionDate "2017.10.13"]
[SourceQuality "1"]
[WhiteTeam "Magdeburg USC"]
[BlackTeam "Erlangen"]
[WhiteTeamCountry "GER"]
[BlackTeamCountry "GER"]

1. e4 e5 2. Nf3 Nc6 3. Nc3 Nf6 4. Bb5 Bc5 5. 0-0 a6 6. Bxc6 dxc6 7. Nxe5 Qd4 8. Nf3 Bg4 9. h3 Bh5 10. g4 Qd6 11. gxh5 0-0-0 12. d3 Nxh5 13. Ng5 Rdf8 14. Qxh5 g6 15. Qg4+ Kb8 16. Bf4 Qf6 17. Qg3 h6 18. Be5 Qxg5 19. Qxg5 hxg5 20. Bxh8 Rxh8 21. Kg2 Rh4 22. Kg3 Rf4 23. Ne2 Rh4 24. Rab1 Bd6+ 25. Kg2 g4 26. Rg1 gxh3+ 27. Kf1 h2 28. Rh1 Rg4 29. a4 a5 30. c3 Rh4 31. Kg2 Rg4+ 32. Ng3 Bxg3 33. fxg3 f5 34. exf5 gxf5 35. Rxh2 f4 36. Rh8+ Ka7 37. Rh3 fxg3 38. Rxg3 Rxg3+ 39. Kxg3 b5 40. Ra1 Kb6 41. d4 c5 42. Kf4 cxd4 43. cxd4 c5 44. d5 bxa4 45. Rxa4 Kb5 46. b3 Kb6 47. Ke5 Kc7 48. Rxa5 Kb6 49. d6 1-0

[Event "GER-chT U10"]
[Site "Magdeburg"]
[Date "2016.12.28"]
[Round "3.3"]
[White "Wolf, Jonas"]
[Black "Schulz, Leonard"]
[Result "1-0"]
[WhiteElo "902"]
[BlackElo "1119"]
[PlyCount "55"]
[EventDate "2016.12.27"]
[EventType "team-swiss"]
[EventRounds "7"]
[EventCountry "GER"]
[SourceTitle "EXT 2018"]
[Source "ChessBase"]
[SourceDate "2017.10.13"]
[SourceVersion "1"]
[SourceVersionDate "2017.10.13"]
[SourceQuality "1"]
[WhiteTeam "Erlangen"]
[BlackTeam "Leipzig Gruen Weiss"]
[WhiteTeamCountry "GER"]
[BlackTeamCountry "GER"]

1. e4 e5 2. Nf3 Nc6 3. Nc3 Bc5 4. Bc4 Nf6 5. d3 d6 6. 0-0 Be6 7. Bb3 Qd7 8. Be3 Bd4 9. Ba4 h6 10. Nxd4 exd4 11. Bxd4 h5 12. h4 Rg8 13. Be3 Ng4 14. d4 d5 15. exd5 Bxd5 16. Nxd5 Qxd5 17. Bg5 Qd6 18. Bxc6+ bxc6 19. Re1+ Kd7 20. g3 f6 21. Bf4 Qd5 22. Qe2 Kc8 23. Qa6+ Kd7 24. Qb7 Rgc8 25. Bxc7 Qb5 26. Bb6+ Kd6 27. Qe7+ Kd5 28. Qe6# 1-0